00880nac a22002171u 4500010001600000020003400016020003400050082001500084090001500099100003400114245010100148260005100249300002500300504006600325650004100391650003900432650003700471942001700508999001500525952012200540 a 98052530 a0631208283 (hbk : alk. paper) a0631208291 (pbk : alk. paper)00a330bB4557 c2082d2082 aBerliner, Joseph S. 14aThe economics of the good society :bthe variety of economic arrangements /cJoseph S. Berliner. aMalden, MA :bBlackwell Publishers,1999c1999. aix, 448 p. ;c24 cm. aIncludes bibliographical references (p. [433]-438) and index. 0aComparative economicsxCase studies. 0aIncome distributionxCase studies. 0aWelfare economicsxCase studies. cBBk330B4557 c2082d2082 00104070aMAINbMAINc1STd2011-02-07ePurchasel1o330 BERp000002265r2025-07-15 00:00:00s2014-10-19v149.60yBB